000 00692nam a22001937a 4500
008 230515s1986 ag ||||| |||| 00| 0 spa d
110 2 _aBiblioteca del Congreso de la Nación.
_bDirección de Referencia Legislativa
245 1 0 _aCapital de la República :
_bantecedentes, debates /
_cBiblioteca del Congreso de la Nación. Dirección de Referencia Legislativa.
260 _aBuenos Aires :
_bTalleres de la Imprenta del Congreso,
_c1986.
300 _a3 volúmenes (357, 498, 310 páginas)
942 _cLIBRO
003 AR-BaAGN
005 20230517143951.0
007 ta
040 _aAR-BaAGN
_bspa
_eaacr
336 _2rdacontent
_btxt
337 _2rdamedia
_bn
338 _2rdacarrier
_bnc
999 _c48097
_d48097